LIBRARY & INFORMATION CENTRE, KCAET, TAVANUR

ONLINE PUBLIC ACCESS CATALOGUE (OPAC)

Test code for disc harrows,IS:7640-1975 / (Record no. 4196)

MARC details
000 -LEADER
fixed length control field 00872cam a2200145ua 4500
041 ## - LANGUAGE CODE
Language code of text/sound track or separate title eng
082 ## - DEWEY DECIMAL CLASSIFICATION NUMBER
Classification number 631.313
Item number IND/TE
245 00 - TITLE STATEMENT
Title Test code for disc harrows,IS:7640-1975 /
260 ## - PUBLICATION, DISTRIBUTION, ETC. (IMPRINT)
Place of publication :
Name of publisher ISI ,
Year of publication 1975.
300 ## - PHYSICAL DESCRIPTION
Number of Pages 17 ; .
942 ## - ADDED ENTRY ELEMENTS (KOHA)
Koha item type Books
Holdings
Withdrawn status Lost status Damaged status Home library Current library Date acquired Full call number Accession Number Koha item type
      KAUAET   08/03/1990 631.313 16675 Books
free website counter